00526nam a2200193 a 4500001001300000003000900013005001700022008004100039020002300080082001700103100002100120245005700141260002500198300000900223500003500232505001800267650002600285700002100311nice12345678IN_TiNIC20260116014534.0121001s2010 dela grp 000 0 eng  a9788184650259c25000a232.955bRAO aRao, Prabhakar B aMissiological Motifs of the Miracles of Jesus Christ aDelhi bISPCK c2010 a276p aincludes index and biblioraphy2 aBibliography2 aJesus Christ-Miracles1 aRao, Prabhakar B